Language Quiz

Random Language or Latin Quiz

Latin and Greek Roots Part 2 Quiz Stats

 Plays Quiz not verified by Sporcle

Also try: Keep 'YR' Word
Challenge
Share
Tweet
Embed
Score 0/44 Timer 10:00
0 Plays Today
Root Definition % Correct
GeoEarth
82.4%
HomoSame
82.4%
LunaMoon
82.4%
MacroLarge
74.2%
ExoOut of
71.9%
HeteroDifferent
71.5%
LinguTongue
71.5%
EquiEqual
70.1%
FratBrother
66.1%
LogyScience
64.7%
LucLight
62%
HyperOver
61.1%
GraphWrite
59.3%
HypoUnder
56.1%
Man (fr. Manus)Hand
56.1%
Loc (Fr. Locus)Place
53.4%
LocaTo place
53.4%
JuvYoung
48%
FractBreak
47.5%
Gnor, cogn, notiTo know
47.1%
GnosTo know
47.1%
Loqu, locSpeak
45.2%
Root Definition % Correct
Gress, gradTo step
44.8%
Join, junctTo join
44.3%
LithoStone
43%
JectThrow
42.5%
Flect, flexBend
41.6%
LogosWord
41.2%
EuGood
39.4%
FidFaith
39.4%
Gam, gamyMarriage
38.5%
GratThank
35.7%
Fac, ficMake
35.3%
EndoWithin
32.1%
Mand, mandateOrder
28.5%
HostilEnemy
27.1%
LevTo lighten
25.8%
FortLuck
12.7%
Jur, jusTo swear
11.8%
Luc, lumShine
9.5%
Man (fr. Manero)To remain
6.8%
Fer(ous)Bearing
5.9%
Jeal, zealArdor
5.9%
LatCarried
1.4%

You're not logged in!

Compare scores with friends on all Sporcle quizzes.
Join for Free
OR
Log In

You Might Also Like...

Show Comments

Extras

Top Quizzes Today


Score Distribution

Your Account Isn't Verified!

In order to create a playlist on Sporcle, you need to verify the email address you used during registration. Go to your Sporcle Settings to finish the process.

Report this User

Report this user for behavior that violates our Community Guidelines.

Details: